Massa atomica degli Elementi - Statistics

Statistiche generali
  • Questo quiz è stato fatto 44 volte
  • Il punteggio medio è 18 su 118
Statistiche sulle risposte
# Simbolo Elemento Massa atomica % Corretto
1 H Idrogeno 1,008
73%
6 C Carbonio 12,01
27%
58 Ce Cerio 140,1
27%
95 Am Americio 243
27%
2 He Elio 4,003
27%
3 Li Litio 6,941
27%
4 Be Berillio 9,012
27%
5 B Boro 10,81
18%
49 In Indio 114,8
18%
50 Sn Stagno 118,7
18%
51 Sb Antimonio 121,8
18%
53 I Iodio 126,9
18%
52 Te Tellurio 127,6
18%
54 Xe Xenon 131,3
18%
55 Cs Cesio 132,9
18%
56 Ba Bario 137,3
18%
57 La Lantanio 138,9
18%
7 N Azoto 14,01
18%
59 Pr Praseodimio 140,9
18%
60 Nd Neodimio 144,2
18%
61 Pm Promezio 145
18%
62 Sm Samario 150,4
18%
63 Eu Europio 152,0
18%
64 Gd Gadolinio 157,3
18%
8 O Ossigeno 16,00
18%
73 Ta Tantalio 180,9
18%
74 W Tungsteno 183,8
18%
75 Re Renio 186,2
18%
9 F Fluoro 19,00
18%
76 Os Osmio 190,2
18%
77 Ir Iridio 192,2
18%
78 Pt Platino 195,1
18%
79 Au Oro 197,0
18%
80 Hg Mercurio 200,6
18%
10 Ne Neon 20,18
18%
81 Tl Tallio 204,4
18%
82 Pb Piombo 207,2
18%
84 Po Polonio 209
18%
83 Bi Bismuto 209,0
18%
85 At Astato 210
18%
86 Rn Radon 222
18%
87 Fr Francio 223
18%
88 Ra Radio 226
18%
89 Ac Attinio 227
18%
11 Na Sodio 22,99
18%
91 Pa Protoattinio 231,0
18%
90 Th Torio 232,0
18%
93 Np Nettunio 237
18%
92 U Uranio 238,0
18%
12 Mg Magnesio 24,31
18%
94 Pu Plutonio 244
18%
96 Cm Curio 247
18%
97 Bk Berkelio 247
18%
98 Cf Californio 251
18%
99 Es Einsteinio 252
18%
100 Fm Fermio 257
18%
101 Md Mendelevio 258
18%
102 No Nobelio 259
18%
104 Rf Rutherfordio 261
18%
103 Lr Laurenzio 262
18%
105 Db Dubnio 262
18%
107 Bh Bohrio 264
18%
108 Hs Hassio 265
18%
106 Sg Seaborgio 266
18%
109 Mt Meitnerio 268
18%
110 Ds Darmstadio 271
18%
111 Rg Roentgenio 272
18%
113 Nh Nihonio 284
18%
112 Cn Copernicio 285
18%
115 Mc Moscovio 288
18%
114 Fl Flerovio 289
18%
116 Lv Livermorio 293
18%
117 Ts Tennessinio 294
18%
118 Og Oganessio 294
18%
20 Ca Calcio 40,08
18%
25 Mn Manganese 54,94
18%
26 Fe Ferro 55,85
18%
28 Ni Nichel 58,69
18%
27 Co Cobalto 58,93
18%
29 Cu Rame 63,55
18%
30 Zn Zinco 65,38
18%
31 Ga Gallio 69,72
18%
32 Ge Germanio 72,63
18%
33 As Arsenico 74,92
18%
65 Tb Terbio 158,9
9%
66 Dy Disprosio 162,5
9%
67 Ho Olmio 164,9
9%
68 Er Erbio 167,3
9%
69 Tm Tulio 168,9
9%
70 Yb Itterbio 173,0
9%
71 Lu Lutezio 175,0
9%
72 Hf Afnio 178,5
9%
13 Al Alluminio 26,98
9%
14 Si Silicio 28,09
9%
15 P Fosforo 30,97
9%
16 S Zolfo 32,07
9%
17 Cl Cloro 35,45
9%
19 K Potassio 39,10
9%
18 Ar Argon 39,95
9%
21 Sc Scandio 44,96
9%
22 Ti Titanio 47,87
9%
23 V Vanadio 50,94
9%
24 Cr Cromo 52,00
9%
34 Se Selenio 78,96
9%
35 Br Bromo 79,90
9%
36 Kr Kripton 83,80
9%
44 Ru Rutenio 101,1
0%
45 Rh Rodio 102,9
0%
46 Pd Palladio 106,4
0%
47 Ag Argento 107,9
0%
48 Cd Cadmio 112,4
0%
37 Rb Rubidio 85,47
0%
38 Sr Stronzio 87,62
0%
39 Y Ittrio 88,91
0%
40 Zr Zirconio 91,22
0%
41 Nb Niobio 92,91
0%
42 Mo Molibdeno 95,95
0%
43 Tc Tecnezio 98,91
0%
Nessun quiz corrispondente trovato
Distribuzione punteggi
Percentuale di utenti per punteggio
Percentile per numero di risposta
I tuoi punteggi nel tempo
Non hai fatto questo quiz